<?xml version="1.0" encoding="UTF-8"?>
<record
    xmlns:xsi="http://www.w3.org/2001/XMLSchema-instance"
    xsi:schemaLocation="http://www.loc.gov/MARC21/slim http://www.loc.gov/standards/marcxml/schema/MARC21slim.xsd"
    xmlns="http://www.loc.gov/MARC21/slim">

  <leader>00757nam a22001577a 4500</leader>
  <controlfield tag="005">20250808115232.0</controlfield>
  <controlfield tag="008">250808b        |||||||| |||| 00| 0 eng d</controlfield>
  <datafield tag="050" ind1=" " ind2=" ">
    <subfield code="a">THE HG 4026 .A24 2025</subfield>
    <subfield code="b">C.1</subfield>
  </datafield>
  <datafield tag="100" ind1=" " ind2=" ">
    <subfield code="a">Agembe, Akali James</subfield>
  </datafield>
  <datafield tag="245" ind1=" " ind2=" ">
    <subfield code="a">Capital Structure, Corporate Governance, and Financial Performance of Nonfinancial Real Sector Firms Listed at the Nairobi Securities Exchange, Kenya</subfield>
  </datafield>
  <datafield tag="260" ind1=" " ind2=" ">
    <subfield code="a">Kisii</subfield>
    <subfield code="b">Kisii University</subfield>
    <subfield code="c">2025</subfield>
  </datafield>
  <datafield tag="300" ind1=" " ind2=" ">
    <subfield code="a">xv, 236p.:ill.</subfield>
  </datafield>
  <datafield tag="500" ind1=" " ind2=" ">
    <subfield code="a">Includes bibliographical references.</subfield>
  </datafield>
  <datafield tag="650" ind1=" " ind2=" ">
    <subfield code="a">1. Corporations&#x2014;Finance&#x2014;Kenya. 2. Capital structure&#x2014;Kenya. 3. Corporate governance&#x2014;Kenya. 4. Financial performance&#x2014;Kenya. 5. Nonfinancial corporations&#x2014;Kenya. 6. Nairobi Securities Exchange.</subfield>
  </datafield>
  <datafield tag="942" ind1=" " ind2=" ">
    <subfield code="2">lcc</subfield>
    <subfield code="c">REF</subfield>
  </datafield>
  <datafield tag="999" ind1=" " ind2=" ">
    <subfield code="c">216005</subfield>
    <subfield code="d">216005</subfield>
  </datafield>
  <datafield tag="952" ind1=" " ind2=" ">
    <subfield code="0">0</subfield>
    <subfield code="1">0</subfield>
    <subfield code="2">lcc</subfield>
    <subfield code="4">0</subfield>
    <subfield code="6">THE H G4026 A24  02025</subfield>
    <subfield code="7">0</subfield>
    <subfield code="8">SC</subfield>
    <subfield code="9">372797</subfield>
    <subfield code="a">KSUL</subfield>
    <subfield code="b">KSUL</subfield>
    <subfield code="d">2025-08-08</subfield>
    <subfield code="i">109428</subfield>
    <subfield code="l">0</subfield>
    <subfield code="o">THE HG 4026 .A24 2025</subfield>
    <subfield code="p">000000024321</subfield>
    <subfield code="r">2025-08-08 11:53:00</subfield>
    <subfield code="t">C.1</subfield>
    <subfield code="w">2025-08-08</subfield>
    <subfield code="y">REF</subfield>
  </datafield>
</record>
